000 00360nam a22001457a 4500
003 OSt
005 20250909145349.0
008 250909b |||||||| |||| 00| 0 eng d
040 _cIIMT COLLEGE OF POLYTECHNIC
100 _aSONKAR, RASHMI
245 _aCOMPUTER NETWORKS
260 _aMUZAFFARNAGAR
_bASIAN PUBLISHERS
_c2025
300 _a168
942 _2ddc
_c02
999 _c66138
_d66138